| 000 | 00945nas a2200301 4500 | ||
|---|---|---|---|
| 001 | BR2020000045 | ||
| 003 | BR-BrBNA | ||
| 005 | 20231205132032.0 | ||
| 007 | ta | ||
| 008 | 230509b bl.|||p| |||| 00| 00por d | ||
| 040 |
_aBR-BrBNA _bpor _cBiblioteca Nacional de Agricultura |
||
| 041 | _a(Pt) | ||
| 072 | _aJ14 | ||
| 100 | 1 | _aMoreira, D.M. da V. | |
| 100 | 1 | _aFerreira, P. de M.F. | |
| 100 | 1 | _aZuanon, J.A.S. | |
| 100 | 1 | _aSalaro, A.L. | |
| 100 | 1 | _aAlves, L.M. de O. | |
| 100 | 1 | _aDias, D.C. | |
| 245 | 1 | _aTolerância aguda e subcrônica de juvenis de acará-bandeira (Pterophyllum scalare)à salinidade da água | |
| 650 | _aCLORETO DE SÓDIO | ||
| 650 | _aPEIXE ORNAMENTAL | ||
| 650 | _aSALINIDADE | ||
| 650 | _aACARÁ | ||
| 773 | 0 |
_tRevista Brasileira de Engenharia de Pesca (Brazil) _xISSN 1980-587X _g(Jan-Apr 2011), v. 6(1) p. 47-55 _wBR2020000045 |
|
| 909 |
_a202311 _bLúcia _c55 _dLúcia Elande |
||
| 942 |
_2AGRIS _n0 _cANA |
||
| 999 |
_c258101 _d258101 |
||